| 000 | 00437nam a22001697a 4500 | ||
|---|---|---|---|
| 003 | CEME | ||
| 005 | 20210628210340.0 | ||
| 008 | 210216b xxu||||| |||| 00| 0 eng d | ||
| 040 | _c. | ||
| 082 | _a297 MUH | ||
| 100 |
_aMuhammad Yaqoob Nanotavi _979072 |
||
| 245 | _aMaktoobat-o-bayaz-e-yaqoobi | ||
| 260 |
_aKARACHI _bDAR-UL-ASHAAT _c1990 |
||
| 300 | _a294P | ||
| 650 |
_aISLAM-MAKTOOBAT-O-BAYAZ-E-YAQOOBI _979073 |
||
| 942 |
_cBK _2ddc |
||
| 999 |
_c584141 _d584141 |
||